دليل مواد العزل الحراري للمباني / (رقم التسجيلة. 9946)

تفاصيل مارك
000 -LEADER
fixed length control field 00625nam a22001937a 4500
005 - DATE AND TIME OF LATEST TRANSACTION
control field 20251108164340.0
008 - FIXED-LENGTH DATA ELEMENTS--GENERAL INFORMATION
fixed length control field 250721s1990 xx 000 0 ara d
082 14 - DEWEY DECIMAL CLASSIFICATION NUMBER
Classification number 691.95/أده
100 1# - MAIN ENTRY--PERSONAL NAME
Personal name سبع العيش، أدهم
245 10 - TITLE STATEMENT
Title دليل مواد العزل الحراري للمباني /
264 1# - PRODUCTION, PUBLICATION, DISTRIBUTION, MANUFACTURE, AND COPYRIGHT NOTICE
Place of production, publication, distribution, manufacture عمان :
Name of producer, publisher, distributor, manufacturer الجمعيه العلميه الملكيه - مركز بحوث البناء،
Date of production, publication, distribution, manufacture, or copyright notice 1990.
300 ## - PHYSICAL DESCRIPTION
Extent 259ص
650 17 - SUBJECT ADDED ENTRY--TOPICAL TERM
Topical term or geographic name as entry element مواد البناء
650 17 - SUBJECT ADDED ENTRY--TOPICAL TERM
Topical term or geographic name as entry element العزل الحراري
700 1# - ADDED ENTRY--PERSONAL NAME
Personal name عماري، بشر
700 1# - ADDED ENTRY--PERSONAL NAME
Personal name الصراف، فلك
942 ## - ADDED ENTRY ELEMENTS (KOHA)
Source of classification or shelving scheme Dewey Decimal Classification
Koha item type كتب
المقتنيات
حالة السحب حالة الفقدان مصدر التصنيف حالة التلف غير قابل للإعارة المكتبة الرئيسية المكتبة الحالية موقع الرف تاريخ التزويد الرقم المتسلسل Total Checkouts رقم الإستدعاء تاريخ آخر ظهور تاريخ الفاتورة نوع المادة (كوها) الباركود
    Dewey Decimal Classification Unchecked   مكتبة الاميرة بديعة مكتبة الاميرة بديعة الإعارة 06/07/2004 2796   691.95/أده 28/07/2025 06/07/2004 كتب  
    Dewey Decimal Classification Unchecked   مكتبة الجويدة مكتبة الجويدة الإعارة 06/07/2004 2512   691.95/أده 28/07/2025 06/07/2004 كتب  
    Dewey Decimal Classification Unchecked   مكتبة الحسن العامة مكتبة الحسن العامة الإعارة 06/07/2004 6353   691.95/أده 28/07/2025 06/07/2004 كتب  
    Dewey Decimal Classification     مكتبة النصر العامة مكتبة النصر العامة الإعارة 28/03/2015 [ 4491 ]   691.95/أده 28/07/2025 28/03/2015 كتب PLD00380115
    Dewey Decimal Classification     مكتبة صويلح العامة مكتبة صويلح العامة الإعارة 18/06/2019 [5761]   691.95/أده 28/07/2025 18/06/2019 كتب PLD00454521
    Dewey Decimal Classification     مكتبة وادي السير العامة مكتبة وادي السير العامة الإعارة 11/02/2016 [3141]   691.95/أده 28/07/2025 11/02/2016 كتب PLD00373220
Implemented & Customized by: BBB with SCIT (Smart Chains for Information Technology)

Powered by Koha